Это реальная личность? №7 - Statistics

General Stats
  • This quiz has been taken 20 times
  • The average score is 12 of 14
Answers on the Grid
Answers color-coded by a green-red scale on the quiz's grid according to % correct below.
Дэвид Боуи
Франциска фон Карма
Стэнли Снайдер
Тед Банди
Зоя Космодемьянская
Мария Антуанетта
Жан-Поль Сартр
Иван Бунша
Ганс Кристиан Андерсен
Олдос Хаксли
Альфонс Элрик
Питер Пауль Рубенс
Гордон Рамзи
Евгений Онегин
Эль Греко
Бенджамин Баттон
Парменид
Вивьен Уэствуд
Кендрик Ламар
Ференц Лист
 
Answer Stats
Answer % Correct
Дэвид Боуи
100%
Зоя Космодемьянская
100%
Мария Антуанетта
100%
Ганс Кристиан Андерсен
100%
Олдос Хаксли
83%
Питер Пауль Рубенс
83%
Гордон Рамзи
83%
Эль Греко
83%
Кендрик Ламар
83%
Тед Банди
75%
Жан-Поль Сартр
75%
Вивьен Уэствуд
75%
Ференц Лист
75%
Парменид
50%
No matching quizzes found
Score Distribution
Percent of People with Each Score
Percentile by Number Answered
Your Score History
You have not taken this quiz